100 Largest Cities in Brazil - Statistics

General Stats
  • This quiz has been taken 239 times
  • The average score is 34 of 100
Answer Stats
% Correct
2 Rio de Janeiro
99%
6 Brasilia
98%
1 Sao Paulo
98%
10 Manaus
94%
4 Belo Horizonte
93%
9 Porto Alegre
92%
3 Salvador
89%
5 Fortaleza
88%
8 Recife
87%
11 Belém
83%
7 Curitiba
82%
22 Natal
72%
14 Campinas
68%
13 Goiânia
65%
17 Sao Luís
65%
69 Florianópolis
59%
43 Santos
56%
24 Campo Grande
53%
73 Vitória
52%
18 Maceió
51%
21 Teresina
51%
35 Cuiabá
46%
26 Joao Pessoa
46%
37 Aracaju
41%
60 Porto Velho
41%
30 Uberlândia
41%
12 Guarulhos
40%
76 Macapá
39%
39 Londrina
37%
19 Duque de Caxias
36%
74 Rio Branco
36%
40 Joinville
34%
34 Niterói
34%
32 Ribeirao Prêto
34%
100 Petrolina
32%
15 Sao Gonçalo
32%
36 Juiz de Fora
31%
20 Sao Bernardo do Campo
31%
71 Petrópolis
30%
31 Feira de Santana
29%
65 Maringá
29%
29 Sao José dos Campos
29%
79 Uberaba
29%
68 Anápolis
28%
25 Santo André
28%
50 Campina Grande
27%
16 Nova Iguaçu
27%
23 Osasco
27%
47 Sao José do Rio Prêto
27%
33 Sorocaba
27%
58 Pelotas
26%
90 Santarém
26%
87 Cascavel
25%
48 Caxias do Sul
25%
89 Santa Maria
25%
75 Foz do Iguaçu
23%
54 Vila Velha
23%
41 Belford Roxo
22%
57 Bauru
21%
93 Governador Valadares
21%
27 Jaboatao dos Guarapes
21%
49 Olinda
21%
72 Ponta Grossa
21%
59 Betim
20%
28 Contagem
20%
64 Jundiaí
20%
67 Sao Vicente
20%
52 Aparecida de Goiania
19%
83 Caruaru
19%
91 Guarujá
19%
99 Mossoró
19%
55 Piracicaba
19%
61 Serra
19%
42 Ananindeua
18%
44 Campos dos Goytacazes
18%
53 Diadema
18%
62 Franca
18%
66 Montes Claros
17%
78 Vitória da Conquista
17%
77 Ilhéus
16%
96 Imperatriz
16%
85 Nôvo Hamburgo
16%
88 Volta Redonda
16%
81 Limeira
14%
45 Mauá
14%
70 Itaquaquecetuba
13%
38 Sao Joao de Meriti
13%
92 Taubaté
13%
98 Barueri
11%
63 Canoas
11%
84 Caucaia
11%
80 Paulista
11%
94 Embu
10%
56 Cariacica
9%
97 Varzea Grande
9%
46 Carapicuíba
8%
86 Ribeirao das Neves
8%
95 Gravatai
6%
82 Blumenou
1%
51 Moji das Cruzes
1%
No matching quizzes found
Score Distribution
Percent of People with Each Score
Percentile by Number Answered
Your Score History
You have not taken this quiz